Faktory ovplyvňujúce tvorbu finančného plánu podniku diplomová práca

Na minha lista:
Detalhes bibliográficos
Autor principal: Miková, Nikoleta
Autor Corporativo: Fakulta podnikového manažmentu EU. Katedra podnikových financií
Outros Autores: Foltínová, Ľubica, 1975-
Formato: Livro
Idioma:eslovaco
Publicado em: Bratislava 2017
Tags: Adicionar Tag
Sem tags, seja o primeiro a adicionar uma tag!

MARC

LEADER 00000nbm a2200000 4500
001 0232349
005 20171018102500.2
041 0 |a slo 
044 |a SK 
245 1 0 |a Faktory ovplyvňujúce tvorbu finančného plánu podniku  |b diplomová práca  |c Nikoleta Miková ; školiteľ: Ľubica Foltínová 
264 1 |a Bratislava  |c 2017 
300 |a 98 s. 
100 1 |a Miková, Nikoleta 
700 1 |a Foltínová, Ľubica, 1975- 
710 2 |a Fakulta podnikového manažmentu EU. Katedra podnikových financií